| 000 | 02004nam0a2200385 i 4500 | ||
|---|---|---|---|
| 001 | RU\NLR\BIBL_A\011348636 | ||
| 005 | 20241105015504.0 | ||
| 010 |
_a9785858034919 _91000 |
||
| 021 |
_aRU _b2017-11535 _9847 |
||
| 035 | _a(NLR Aleph) 011348636 | ||
| 090 |
_a11232629 _c11232629 |
||
| 100 | _a20170317d2016 um y0rusy50 ca | ||
| 101 | 0 |
_arus _eeng |
|
| 102 | _aRU | ||
| 105 | _aab||z|||000zy | ||
| 200 | 1 |
_aОчерки военно-политической истории Чукотки (начало I тыс. н.э. - XIX в.) _dMilitary history of Chukotka from the early 1st millennium to the 19th century _fА. К. Нефёдкин _zeng |
|
| 210 |
_aСанкт-Петербург _cПетербургское Востоковедение _d2016 |
||
| 215 |
_a360, [1] с., [1] л. карт. _cил., карт. _d22 |
||
| 300 | _aНа корешке загл.: Очерки военно-политической истории Чукотки | ||
| 300 | _aАвт. также на англ. яз.: Alexander K. Nefedkin | ||
| 300 | _aНа 4-й с. обл. авт.: Нефёдкин А.К., д.ист.н. | ||
| 320 | _aБиблиогр.: с. 330-359 | ||
| 320 | _aДр. кн. авт. на 4-й с. обл. | ||
| 510 | 1 |
_6z 73790 _aMilitary history of Chukotka from the early 1st millennium to the 19th ctntury _zeng |
|
| 516 | 1 | _aОчерки военно-политической истории Чукотки | |
| 606 | 0 |
_aВоенное дело _xЧукчи _92320735 _3RU\NLR\AUTH\6601613287 |
|
| 607 |
_aЧукотский автономный округ _xИстория _92226519 _3RU\NLR\AUTH\661336604 |
||
| 686 | _aЦ.г(2) | ||
| 686 | 1 | _aТ3(2Р-4М-6Чу)0,02 | |
| 700 | 1 |
_7ca _8rus _aНефёдкин _bА. К. _f1968- _gАлександр Константинович _9171223 _3RU\NLR\AUTH\770171273 |
|
| 790 | 1 |
_7ba _8rus _aNefëdkin _bA. K. _f1968- _gAleksandr Konstantinovič _9231137 _3RU\NLR\AUTH\770231193 |
|
| 942 | _cBOOK | ||
| 980 | _aNBR | ||